000 00918nam a2200169Ia 4500
008 180910s9999 xx 000 0 und d
100 1 _aJinan Melhem
_gMaster Linguistics
245 1 4 _athe impact of presentation practice production and task-based language teaching on the development of fourth graders' speaking skill
260 _aBeirut
_bUniversité Libanaise - Faculté des lettres
_c2006
300 _a129 pages
500 _aالنوع : Mémoire
650 4 _aCycle primaire L’enseignement de la Langue Anglaise Méthodes d’enseignement L’accomplissement des étudiants
650 4 _aElementary Education English Language Education Teaching Methods Students achievement
650 4 _aالمرحلة الابتدائية تعليم اللغة الانكليزية طرق التعليم تحصيل الطلبة
856 _zUniversité Libanaise - Faculté des lettres - Branche 4
942 _cLAESDATA
999 _c20410
_d20410